Normal view
MARC view
Entry Personal Name
001 - CONTROL NUMBER
- control field: 51664
003 - CONTROL NUMBER IDENTIFIER
- control field: OSt
005 - DATE AND TIME OF LATEST TRANSACTION
- control field: 20160410123647.0
008 - FIXED-LENGTH DATA ELEMENTS
- fixed length control field: 160410|| aca||aabn | a|a d
040 ## - CATALOGING SOURCE
- Original cataloging agency: OSt
- Transcribing agency: OSt
100 ## - HEADING--PERSONAL NAME
- Personal name: राण महेन्द्र सिंह
670 ## - SOURCE DATA FOUND
- Source citation: Work cat.: (OSt): राण महेन्द्र सिंह , आधुनिक हिन्दी शिक्षण-व्यवस्था , 2004









